| 000 | 00709nam a2200217Ii 4500 | ||
|---|---|---|---|
| 003 | JO-AjNU | ||
| 008 | 230606s9999||||xx |||||||||||||| ||und|| | ||
| 017 | _a2014/3/1089 | ||
| 020 | _a978-995-565-42-8 | ||
| 040 |
_aJO-AjNU _beng _erda _cJO-AjNU |
||
| 041 | _aeng | ||
| 050 | 1 | 4 | _aDS153.3.2014 |
| 100 | 3 |
_aGoussous, Nayef G,Al Zuod, Hassan A,Naghawy, Ayda M, _eauthor _93514 |
|
| 245 | 0 | 0 | _aInedited and rare ancient, classical and Byzantine coins |
| 264 | 3 | 1 | _aAmman, Jordan: Jordan Ahli Bank Numismatic Museum,2014 |
| 300 | _a101p | ||
| 336 |
_atext _btxt _2rdacontent |
||
| 337 |
_aunmediated _bn _2rdamedia |
||
| 338 |
_avolume _bnc _2rdacarrier |
||
| 650 | 4 |
_aCoins -- History -- Numismatics _93515 |
|
| 999 |
_aE1833 _c1833 _d1833 |
||